1M+ Cities By Letter On A Map - N - Statistics

General Stats
  • This quiz has been taken 252 times
  • The average score is 6 of 13
Answers on the Map
Answers color-coded by a green-red scale on the quiz's map according to % correct below.
 
Answer Stats
Population City % Correct
8,175,133 New York City
98%
2,750,547 Nairobi
92%
7,165,292 Nanjing
84%
2,191,279 Nagoya
77%
1,284,164 Nizhny Novgorod
72%
1,419,007 Novosibirsk
72%
2,228,018 Nagpur
46%
3,491,597 Ningbo
31%
2,357,839 Nanchang
20%
1,289,497 Nashik
14%
2,600,000 Navi Mumbai
10%
7,150,000 Nanchong
8%
1,002,118 Nova Iguacu
5%
No matching quizzes found
Score Distribution
Percent of People with Each Score
Percentile by Number Answered
Your Score History
You have not taken this quiz